Music Quiz

Random Music or Clickable Quiz

Beatles Ending Lyrics Quiz Stats

 Plays Quiz not verified by Sporcle

Score 0/25 Timer 10:00
0 Plays Today
% Correct
Drive My Car
96.8%
Nowhere Man
95.2%
Eight Days a Week
93.5%
When I'm 64
93.5%
Penny Lane
93.5%
Blackbird
90.3%
A Hard Day's Night
88.7%
In My Life
85.5%
I'll Follow the Sun
83.9%
Ticket to Ride
83.9%
A Day in the Life
83.9%
Magical Mystery Tour
82.3%
And I Love Her
75.8%
% Correct
Happiness is a Warm Gun
72.6%
Got to Get You Into my Life
72.6%
Here, There, and Everywhere
72.6%
Fixing a Hole
71%
Lovely Rita
69.4%
She Said, She Said
67.7%
Girl
66.1%
I've Just Seen a Face
66.1%
Do You Want to Know a Secret?
64.5%
And Your Bird Can Sing
54.8%
Sexy Sadie
51.6%
Hold Me Tight
38.7%

You're not logged in!

Compare scores with friends on all Sporcle quizzes.
OR
Log In

Show Comments

Extras

Created Aug 19, 2015ReportNominate
Tags:Clickable Quiz, ending

Top Quizzes Today


Score Distribution

Your Account Isn't Verified!

In order to create a playlist on Sporcle, you need to verify the email address you used during registration. Go to your Sporcle Settings to finish the process.

Report this User

Report this user for behavior that violates our Community Guidelines.

Details: